|
|
|
|
| LEADER |
00000cam a2200000 7i4500 |
| 001 |
0000028571 |
| 005 |
20091214.0 |
| 008 |
091214 |
| 020 |
|
|
|a 9971691809
|
| 090 |
0 |
0 |
|a 297.09595
|b HUS
|
| 100 |
1 |
|
|a Hussin Mutalib
|
| 245 |
0 |
0 |
|a Islam in Malaysia :
|b from revivalism to islamic state
|c Hussin Mutalib
|
| 260 |
|
|
|a Singapore :
|b Singapore University Press ,
|c 1993
|
| 650 |
|
0 |
|a Islam and politics
|z Malaysia
|
| 650 |
|
0 |
|a Islam and state
|z Malaysia
|
| 650 |
|
0 |
|a Islam
|x 20th century
|z Malaysia
|
| 650 |
|
0 |
|a Malaysia
|x Politics and government
|
| 999 |
|
|
|a 0001039424
|b Book
|c Adult Collection
|e Perbadanan Perpustakaan Awam Johor
|